000 00495nam a2200181Ia 4500
005 20250326124358.0
008 250326s9999 xx 000 0 und d
037 _aTextbook
040 _aFMSL
_beng
_cFMSL
041 _aeng
_2eng
084 _aX:77 K5
_qFMSL
100 _aAgarwala A N
_9122401
245 0 _aEconomics of underdevelopment
_cAgarwala A N; Singh S P
260 _aNY
_bNY, Glaxy Book
_c1965
300 _a510p
942 _cTB
_hX:77 K5
999 _c1273488
_d1273488